00674nam a22002057a 450000500170000001000130001702000230003003500130005303700160006604000120008208200130009410000180010724501680012526000400029327000530033330000250038665000260041165000120043770000190044920170124105948.0 aB-060709 c150.00a8176210153 aB-060709 bCen Lib/Ret aDPLbEN a211bMOT aMother Teresa aEverything starts from prayer :cby Mother Teresa; selected and arranged by Anthony SternbMother Teresa's meditations on spiritual life for people of all faiths / aDelhibFull Circle Publishingc2001 a18-19, Dilshad Garden, G. T. RoadbDelhie110095 axx,145p. c22cm(pbk) aPrayer -- Meditations aPrayers aStern, Anthony